| 000 | 01156cam a22003614a 4500 | ||
|---|---|---|---|
| 001 | 13356273 | ||
| 003 | OSt | ||
| 005 | 20161015112153.0 | ||
| 008 | 030929s2004 moua b 001 0 eng | ||
| 010 | _a 2003065699 | ||
| 020 | _a981-4134-64-3 | ||
| 035 | _a(DNLM)101192545 | ||
| 040 |
_aDNLM/DLC _cDLC _dDLC |
||
| 042 | _apcc | ||
| 050 | 0 | 0 |
_aRT89.3 _b.M37 2004 |
| 060 | 1 | 0 |
_aWY 105 _bM359g 2004 |
| 082 | 0 | 0 |
_aDC 362.173092 _22000 _bT59g |
| 100 |
_aMarriner-Tomey, Ann, _916255 |
||
| 245 | 1 | 0 |
_aGuide to nursing management and leadership / _cAnn Marriner-Tomey. |
| 246 | 3 | 0 | _aNursing management and leadership |
| 250 | _aSixth edition | ||
| 260 |
_aSt. Louis : _bMosby, _cc2000. |
||
| 300 |
_axvii, 525 pages : _billustrations ; _c23 cm. |
||
| 365 |
_b395.00 _cPhp |
||
| 504 | _aIncludes bibliographical references and index. | ||
| 650 | 0 | _aLeadership. | |
| 650 | 1 | 2 | _aNursing, Supervisory. |
| 650 | 2 | 2 | _aDecision Making. |
| 650 | 2 | 2 |
_aPersonnel Management _xmethods. |
| 906 |
_a7 _bcbc _corignew _d1 _eocip _f20 _gy-gencatlg |
||
| 942 |
_2ddc _cDC |
||
| 999 |
_c5247 _d5247 |
||